000
00301nam a22001097a 4500
003
OSt
008
250106b |||||||| |||| 00| 0 eng d
041
_a
eng
245
_a
Instructional Sketches for Engineering Drawing
260
_a
Calicut:
_b
Engineering College Students Cooperative Society
942
_c
BK
999
_c
18960
_d
18960